Angrick, Andrej, 1962-. Die "Endlösung" in Riga: Ausbeutung und Vernichtung 1941 - 1944. - Darmstadt : Wiss. Buchges.. - 2006 [Rezension]

Titel: Angrick, Andrej, 1962-. Die "Endlösung" in Riga: Ausbeutung und Vernichtung 1941 - 1944. - Darmstadt : Wiss. Buchges.. - 2006 [Rezension]
Verfasser:
In: Journal of genocide research, Band 9, Heft 1 (2007), Seite 144-146
alle Artikel anzeigen
Veröffentlicht: 2007
Format: Aufsatz
Sprache: Englisch
Kein Bild verfügbar
X
alg: 39480134
001A    $01999:12-11-16 
001B    $01999:03-08-21 $t21:02:47.000 
001D    $01999:12-11-16 
001U    $0utf8 
001X    $00 
002@    $0Aox 
003@    $0394801342 
007A    $0394801342 $aHEB 
007T    $0Herdc0047681m 
010@    $aeng 
011@    $a2007 
021A    $aAngrick, Andrej, 1962-. Die @"Endlösung" in Riga: Ausbeutung und Vernichtung 1941 - 1944. - Darmstadt : Wiss. Buchges.. -  2006 [Rezension] 
028A    $aDieckmann $dChristoph 
031A    $d9 $e1 $h144-146 $j2007 
039B    $aIn $8--Abvc--. Journal of genocide research. - Abingdon, Oxfordshire : Routledge, 1999-. - ISSN 1462-3528 $x200700000090001856 $9071389202 
039T    $8--Aau--Angrick, Andrej$Z1962- [Tp2]. Die @"Endlösung" in Riga: Ausbeutung und Vernichtung 1941 - 1944. - Darmstadt : Wiss. Buchges., 2006. - 520 S.. - Ill., Kt.. - ISBN 978-3-534-19149-9 $9178079294 
045F    $a900.94796 $eDDC23BSB 
045F/01 $a900 
045F/03 $g4796 
045T    $aJUDAICA $qDE-30 $2FID 
045T    $a7,7 $a8 

lok: 39480134 78

exp: 39480134 78 1 #EPN
201B/01 $018-11-16 $t12:46:47.000 
201U/01 $0utf8 
203@/01 $0791099954 
208@/01 $a12-11-16 $be 
209A/01 $a/ $f000 $x00 
220C/01 $aTitelaufnehmer: pg 
220C/01 $aHerkunft: HI Marburg 
244Z/01 $2Trx $#Latvija $#Lettland $#Łotwa $#Lotyšsko $8--Trx--Latvija $x01 $9391275879 
244Z/01 $2Trx $#arvustused $#recenzijos $#Reviews $#recenziók $#recenzje $#recenzie $#recenze $8--Trx--Rezensionen $x02 $9391357441 
247C/01 $82080>Marburg/Lahn, Herder-Institut, Forschungsbibliothek, Bibliographieportal $9336309341
LEADER 00000caa a22000002c 4500
001 394801342
003 DE-603
005 20210803210247.0
007 tu
008 161112s2007 xx |||| | u00||u|eng c
035 |a (DE-599)HEB394801342 
040 |a DE-603  |b ger  |c DE-603  |d DE-603 
041 |a eng 
082 0 4 |8 1\u  |a 900.94796  |q DE-101  |2 23/BSB 
084 |a JUDAICA  |q DE-30  |2 fid 
084 |a 7,7  |a 8  |2 ssgn 
085 |8 1\u  |b 900 
085 |8 1\u  |z 2  |s 4796 
100 1 |a Dieckmann, Christoph 
245 0 0 |a ˜Angrick, Andrej, 1962-. Dieœ "Endlösung" in Riga: Ausbeutung und Vernichtung 1941 - 1944. - Darmstadt : Wiss. Buchges.. - 2006 [Rezension] 
264 0 |c 2007 
773 0 8 |i In  |t Journal of genocide research  |d Abingdon, Oxfordshire : Routledge, 1999-  |x 1462-3528  |g Band 9, Heft 1 (2007), Seite 144-146  |w (DE-603)071389202  |w (DE-600)1452128-3 
787 0 8 |i Rezension von  |a Angrick, Andrej, 1962-  |t ˜Dieœ "Endlösung" in Riga: Ausbeutung und Vernichtung 1941 - 1944  |d Darmstadt : Wiss. Buchges., 2006  |h 520 S., Ill., Kt.  |z 3534191498  |z 9783534191499  |w (DE-603)178079294 
924 0 |9 2080  |a (DE-603)791099954  |b DE-2080  |c HES  |d d  |g /